000 00380nam a2200145Ia 4500
008 231217s9999 xx 000 0 und d
041 _aEnglish
082 _a421 MCC1;1
100 _aMcCarthy, Margaret
245 0 _aLetter writting made easy
260 _c2003
_bJaico Publishing House,
_aMumbai
300 _axvi+197
650 _aLetter,writting,made,simple
942 _cAA
999 _c170319
_d170319